000 00844nam a2200229Ia 4500
003 GCL
008 140319s9999 xx 000 0 ara d
040 _aGCL /
_cGCL
082 0 4 _a937.06
_bك و
100 1 _aكرافتشوك, الكسندر
245 1 0 _aالوثنية والمسيحية: مرحلة الصراع الحاسمة وايقاف الاولمبيادات فى العصر القديم 393 /
_cكرافتشوك, الكسندر
700 1 _aكيرو لحدو
300 _a192 ص
490 _aالهيئة العامة للاستعلامات
_v0
650 0 4 _aالاحوال الاجتماعية
650 0 4 _aالاحوال السياسية
650 0 4 _aالتاريخ
650 0 4 _aالوثنية
650 0 4 _aالامبراطورية الرومانية
650 0 4 _aايطاليا - تاريخ
942 _2ddc
_cBK
999 _c50416
_d50416